000 00340nam a2200133Ia 4500
008 240624s9999 xx 000 0 und d
041 _aeng
082 _a005.432 NEG
100 _aNEGUS CHRISTOPHER
245 _aRED HAT REL 11 FEDORA LINUX 2 BIBLE
260 _c2004
_aNew Delhi
_bWiley Dreamtech India
300 _axvi, : 1065
365 _cRS
999 _c929
_d929